Statistics for Best Destinations in Africa

Click here to take the quiz!

General Stats

  • This quiz has been taken 38 times
  • The average score is 4 of 10

Answer Stats

Type Destination % Correct
CityCape Town, South Africa
89%
CityJohannesburg, South Africa
70%
WaterfallVictoria Falls, Zambia/Zimbabwe
62%
CityNairobi, Kenya
54%
City/IslandZanzibar, Tanzania
49%
CityMarrakesh, Morocco
41%
CityFes, Morocco
32%
CityEssaouira, Morocco
3%
CityArusha, Tanzania
3%
City/BeachGrand Baie, Mauritius
0%

Score Distribution

Percentile by Number Answered

Percent of People with Each Score

Your Score History

You have not taken this quiz